000 00677nam a2200229 a 4500
001 64849
003 BD-RjUL
005 20211209081346.0
008 170223s1959 chi b 000 0 eng
035 _a(BD-RjUL)64979
040 _aDLC
_cDLC
_dBD-RjUL
_beng
041 _aeng
082 0 0 _a895.108
_223
_bCHI 1959
245 1 0 _aChinese literature :
_bmonthly /
_ceditor : Mao Tun.
260 _aChicago :
_bAldine Pub. Co.,
_c1959
300 _a241 p. :
_bill. ;
_c21 cm.
350 _a£3.50 (v. 1)
504 _aIncludes bibliographical references.
650 0 _aChinese literature
_xTranslations into English.
_9192254
700 _aTun, Mao. ed.
_9192793
942 _2ddc
_cBK
999 _c64849
_d64849